000 01115nam a22003377a 4500
003 CHAP
005 20220329141538.0
008 971013s1981 r 00010 d
010 _a69949
011 _a70921
035 _a80475
040 _cCHAP
090 _aTesis
100 0 0 _aLópez Vázquez, Audomaro.
_968423
245 _aEstudio de la comunidad lacandona e inicio de su explotación agropecuaria bovina
260 _aMéxico, D. F. :
_bEl autor,
_c1981
300 _a66 h.
_b: mapas
500 _a18-231
502 _aTesis (Médico veterinario zootecnista). -- UNAM. Fac. de Medicina Veterinaria y Zootecnia
590 _aALEPH
_b10
_c20130110
_lUCH01
_h1409
590 _aBATCH-UPD
_b10
_c20130110
_lUCH01
_h0735
590 _aBATCH-UPD
_b10
_c20130410
_lUCH01
_h0418
590 _aBATCH-UPD
_b10
_c20130914
_lUCH01
_h1501
590 _aCONVERSION
_b10
_c20130109
_lUCH01
_h1338
650 1 4 _aGanadería
_xChiapas.
_944668
650 1 4 _aGanadería
_xChiapas.
_944668
650 1 4 _aLacandones
_xAgricultura.
_964321
901 _aBK
942 _cTESIS
949 _bBC
_cTES
_d-33378
_eTS1
_h18410
_i80475
_si
999 _c69949
_d69949